000 00733nam a2200205Ia 4500
003 GCL
008 140319s9999 xx 000 0 ara d
040 _aGCL /
_cGCL
082 0 4 _a320.956
_bم ع
100 1 _aمركز المحروسة للمعلومات
245 1 0 _aالعرب فى ظل النظام العالمى الجديد /
_cمركز المحروسة للمعلومات
300 _aمتعدد
490 _aالهيئة العامة للاستعلامات
_v0
650 0 4 _aالسياسة الدولية
650 0 4 _aالسياسة
650 0 4 _aالعلوم السياسية
650 0 4 _aالنظم السياسية
650 0 4 _aالشرق الاوسط - العلاقات الخارجية
942 _2ddc
_cBK
999 _c50034
_d50034